Problems of bird migration (Record no. 583314)

MARC details
000 -LEADER
fixed length control field 00379nam a2200145Ia 4500
008 - FIXED-LENGTH DATA ELEMENTS--GENERAL INFORMATION
fixed length control field 100415s9999 xx 000 0 und d
082 ## - DEWEY DECIMAL CLASSIFICATION NUMBER
Item number 235
Classification number 598.252
100 ## - MAIN ENTRY--PERSONAL NAME
Personal name Thomson AL
245 ## - TITLE STATEMENT
Title Problems of bird migration
260 ## - PUBLICATION, DISTRIBUTION, ETC. (IMPRINT)
Place of publication, distribution, etc W.C.
Date of publication, distribution, etc 1926
Name of publisher, distributor, etc H.F.&G.WITHERBY
365 ## - TRADE PRICE
Price amount 0
630 ## - SUBJECT ADDED ENTRY--UNIFORM TITLE
Uniform title Problems of bird migration
730 ## - ADDED ENTRY--UNIFORM TITLE
Uniform title Problems of bird migration
942 ## - ADDED ENTRY ELEMENTS (KOHA)
Koha item type Book
Holdings
Withdrawn status Lost status Damaged status Not for loan Home library Current library Date acquired Cost, normal purchase price Total Checkouts Full call number Barcode Date last seen Price effective from Koha item type
        Bombay Natural History Society Bombay Natural History Society 10/18/1994 0.00   598.252 235 BNHS-235 04/15/2010 04/15/2010 Book